000 00390nam a2200157Ia 4500
005 20250423095433.0
008 250422s9999 xx 000 0 und d
020 _a978-0-534-41797-0
100 _aDouglas, A. Skoog
245 0 _aFundamentals of Anlytical Chemistry
250 _a8th ed.
260 _bBrooks/ Cole Cengage Learning
260 _c2004
300 _a1019 p
942 _cBK
999 _c30270
_d30270